[Event "Titled Tue 24th Jun Late"]
[Site "chess.com INT"]
[Date "2025.06.24"]
[Round "7"]
[White "Weisz, Bryan"]
[Black "Borges, Wagner da Silva"]
[Result "1-0"]
[BlackTitle "CM"]
[WhiteElo "2059"]
[BlackElo "2062"]
[WhiteFideId "30934133"]
[BlackFideId "2100401"]
[EventDate "2025.06.24"]

1. e4 e6 2. Ke2 d5 3. Ke1 dxe4 4. Nc3 Nf6 5. Nge2 Nc6 6. Ng3 Bd6 7. Ngxe4 Nxe4
8. Nxe4 Be5 9. c3 f5 10. Ng3 Bf6 11. d4 O-O 12. Bc4 Kh8 13. Kf1 Na5 14. Bd3 c5
15. dxc5 Nc4 16. Qe2 Ne5 17. Bc2 Qc7 18. Bf4 Qxc5 19. Nh5 Ng6 20. Be3 Qe7 21.
Nxf6 gxf6 22. Re1 e5 23. b4 f4 24. Bc5 Qg7 25. Bxf8 Qxf8 26. Qh5 Qg7 27. Bf5 f3
28. gxf3 Nf4 29. Qe8+ Qg8 30. Qxg8+ Kxg8 31. Bxc8 Rxc8 32. Re3 b5 33. Rg1+ Kf7
34. Ke1 Ke6 35. Kd2 1-0

[Event "Titled Tue 24th Jun Late"]
[Site "chess.com INT"]
[Date "2025.06.24"]
[Round "7"]
[White "Mammadov, Sadig"]
[Black "Mikhalevski, Victor"]
[Result "0-1"]
[WhiteTitle "IM"]
[BlackTitle "GM"]
[WhiteElo "2395"]
[BlackElo "2492"]
[WhiteFideId "13408712"]
[BlackFideId "2801914"]
[EventDate "2025.06.24"]

1. e4 c5 2. Nf3 d6 3. Qe2 e5 4. g3 g6 5. Bg2 Bg7 6. O-O Nf6 7. c3 Nc6 8. h3 O-O
9. Na3 d5 10. d3 h6 11. exd5 Nxd5 12. Nc4 Re8 13. Re1 Bf5 14. g4 Nf4 15. Bxf4
Bxd3 16. Qe3 exf4 17. Qxc5 Rc8 18. Nd6 Bf8 19. Rxe8 Qxe8 20. Nxe8 Bxc5 21. Nf6+
Kg7 22. Nd5 g5 23. h4 Rd8 24. Nc7 Bb6 25. h5 Bxc7 0-1

[Event "Titled Tue 24th Jun Late"]
[Site "chess.com INT"]
[Date "2025.06.24"]
[Round "7"]
[White "Yatskar, Martin"]
[Black "Buchenau, Frank"]
[Result "1-0"]
[WhiteTitle "CM"]
[BlackTitle "FM"]
[WhiteElo "2225"]
[BlackElo "2205"]
[WhiteFideId "34109676"]
[BlackFideId "4604350"]
[EventDate "2025.06.24"]

1. d4 e6 2. c4 Nf6 3. Nc3 Bb4 4. Qc2 c5 5. dxc5 O-O 6. a3 Bxc5 7. Nf3 b6 8. Bg5
h6 9. Bh4 Bb7 10. e4 Be7 11. O-O-O a6 12. Bd3 Nh5 13. Bxe7 Qxe7 14. Rhe1 Nf4 15.
Bf1 Nc6 16. Nd5 exd5 17. exd5 Qf6 18. dxc6 Bxc6 19. Nd4 Bxg2 20. Bxg2 Nxg2 21.
Rg1 Nf4 22. Kb1 Rac8 23. Nf5 g6 24. Nxh6+ Kh7 25. Ng4 Qe6 26. Rxd7 Rxc4 27. Qd2
Qf5+ 28. Ka1 Rc2 29. Qd6 Rfc8 30. Nf6+ Kg7 31. Qxf4 Qxf6 32. Qxf6+ Kxf6 33. Rd6+
Kg7 34. Rxb6 Rxf2 35. Rxa6 Rcc2 36. Rb6 Rxh2 37. a4 f5 38. a5 Rhg2 39. Rxg2 Rxg2
40. a6 Rg4 41. b3 f4 42. a7 f3 43. a8=Q f2 44. Qa7+ Kh6 45. Rf6 Rg1+ 46. Kb2
f1=Q 47. Qe3+ Kg7 48. Qe7+ Kh6 49. Qf8+ Kg5 50. Rxf1 Rxf1 51. Qxf1 1-0

[Event "Titled Tue 24th Jun Late"]
[Site "chess.com INT"]
[Date "2025.06.24"]
[Round "7"]
[White "Myagmarsuren, Evsuld"]
[Black "Marin Posada, Sebastian"]
[Result "1-0"]
[WhiteTitle "FM"]
[BlackTitle "FM"]
[WhiteElo "2292"]
[BlackElo "2246"]
[WhiteFideId "1551639"]
[BlackFideId "4402782"]
[EventDate "2025.06.24"]

1. e4 e5 2. Nf3 Nc6 3. Bc4 Nf6 4. d3 Bc5 5. O-O d6 6. c3 a5 7. Re1 O-O 8. h3 Ba7
9. Nbd2 Ne7 10. Nf1 Ng6 11. Be3 Bxe3 12. Nxe3 c6 13. a4 Nf4 14. d4 Qe7 15. dxe5
dxe5 16. Nf5 Bxf5 17. exf5 Qc5 18. Nxe5 Rae8 19. Qd4 Qxd4 20. cxd4 N6d5 21. Kh2
f6 22. Nd7 Rxe1 23. Rxe1 Rd8 24. Nc5 b6 25. Ne6 Nxe6 26. Rxe6 Kf8 27. Rxc6 Nb4
28. Rxb6 Rxd4 29. b3 Rf4 30. Rb8+ Ke7 31. Rb7+ Kd6 32. Rxg7 Rxf2 33. Rxh7 Rxf5
34. g4 Rf3 35. Rh5 1-0

[Event "Titled Tue 24th Jun Late"]
[Site "chess.com INT"]
[Date "2025.06.24"]
[Round "7"]
[White "Povshednyi, Ivan"]
[Black "Svane, Rasmus"]
[Result "0-1"]
[WhiteTitle "FM"]
[BlackTitle "GM"]
[WhiteElo "2309"]
[BlackElo "2626"]
[WhiteFideId "14190907"]
[BlackFideId "4657101"]
[EventDate "2025.06.24"]

1. Nf3 d5 2. g3 Nc6 3. d4 Bf5 4. Bg2 Nb4 5. Na3 e6 6. c3 Nc6 7. Nc2 h6 8. O-O
Nf6 9. a4 Bd6 10. b4 a6 11. Bf4 O-O 12. Bxd6 cxd6 13. e3 Ne4 14. Ra3 Rc8 15. Nd2
Nf6 16. c4 dxc4 17. Nxc4 d5 18. Nd2 Bxc2 19. Qxc2 Nxb4 20. Qb1 a5 21. Rc1 Rxc1+
22. Qxc1 Qd7 23. Bf1 Rc8 24. Rc3 Rxc3 25. Qxc3 Qxa4 26. Qc8+ Kh7 27. Qxb7 Qd1
28. Qxf7 Qxd2 29. Qxe6 Qc2 30. h3 a4 31. g4 a3 32. h4 a2 33. g5 a1=Q 34. gxf6
Qg6+ 0-1

[Event "Titled Tue 24th Jun Late"]
[Site "chess.com INT"]
[Date "2025.06.24"]
[Round "7"]
[White "Kolimar, Kristof Pal"]
[Black "Yushko, Olga"]
[Result "1-0"]
[WhiteTitle "FM"]
[BlackTitle "WFM"]
[WhiteElo "2368"]
[BlackElo "2033"]
[WhiteFideId "798410"]
[BlackFideId "14114500"]
[EventDate "2025.06.24"]

1. Nf3 Nf6 2. c4 e6 3. g3 d5 4. Bg2 Be7 5. O-O O-O 6. b3 dxc4 7. bxc4 Nc6 8. Bb2
Na5 9. d3 Bd7 10. Ne5 Bc6 11. Nxc6 Nxc6 12. Nd2 Rb8 13. Nb3 Qd7 14. Qd2 Bb4 15.
Qc2 Rfd8 16. Rfd1 Bf8 17. d4 Nb4 18. Qc3 c5 19. a3 cxd4 20. Rxd4 Qxd4 21. Nxd4
Na6 22. Qc2 Nc5 23. Rd1 Rd6 24. Nb5 Rxd1+ 25. Qxd1 a6 26. Nc3 Be7 27. Na4 Rd8
28. Qc2 Nxa4 29. Qxa4 Rd2 30. Bxf6 gxf6 31. Qe8+ Bf8 32. Bxb7 Rxe2 33. c5 Kg7
34. c6 Rc2 35. Qd7 Bc5 36. c7 Bxf2+ 37. Kf1 1-0

[Event "Titled Tue 24th Jun Late"]
[Site "chess.com INT"]
[Date "2025.06.24"]
[Round "7"]
[White "Fedoryshyn, Ievgenii"]
[Black "Mizzi, Jack"]
[Result "1-0"]
[WhiteTitle "FM"]
[BlackTitle "CM"]
[WhiteElo "2278"]
[BlackElo "2107"]
[WhiteFideId "26095467"]
[BlackFideId "5602521"]
[EventDate "2025.06.24"]

1. e4 c6 2. d4 d5 3. Nc3 dxe4 4. Nxe4 Bf5 5. Ng3 Bg6 6. Nh3 e6 7. Nf4 Bd6 8. h4
Bxf4 9. Bxf4 h6 10. c3 Nf6 11. h5 Bh7 12. Bd3 Bxd3 13. Qxd3 Qd5 14. f3 Nbd7 15.
Kf2 O-O 16. c4 Qa5 17. a3 c5 18. d5 exd5 19. cxd5 c4 20. Qd4 Qxd5 21. Rhd1 Nb6
22. Be5 Qxd4+ 23. Rxd4 Rfd8 24. Bxf6 gxf6 25. Rad1 Rxd4 26. Rxd4 Rc8 27. Ne4 Kg7
28. Nd6 Rc7 29. Ne8+ Kf8 30. Nxc7 Ke7 31. Nd5+ Kd6 32. Nxb6+ Kc6 33. Nxc4 1-0

[Event "Titled Tue 24th Jun Late"]
[Site "chess.com INT"]
[Date "2025.06.24"]
[Round "7"]
[White "Thorfinnsson, Bragi"]
[Black "Guha, Eshan"]
[Result "0-1"]
[WhiteTitle "GM"]
[WhiteElo "2354"]
[BlackElo "2071"]
[WhiteFideId "2300958"]
[BlackFideId "30958628"]
[EventDate "2025.06.24"]

1. e4 c5 2. Nf3 d6 3. d4 cxd4 4. Nxd4 Nf6 5. Nc3 a6 6. Bd3 e5 7. Nde2 Be7 8. O-O
O-O 9. Ng3 Nc6 10. a3 Be6 11. Nd5 Re8 12. c4 Nd4 13. f4 Bxd5 14. cxd5 Nd7 15.
Kh1 Nc5 16. fxe5 dxe5 17. Bc4 Bd6 18. Be3 Qh4 19. b4 Nxe4 20. Nxe4 Qxe4 21. Re1
Qh4 22. g3 Qe4+ 23. Kg1 Nf3+ 24. Kf2 Nxe1 25. Qxe1 Qxc4 0-1

[Event "Titled Tue 24th Jun Late"]
[Site "chess.com INT"]
[Date "2025.06.24"]
[Round "7"]
[White "Gogolev, Artem"]
[Black "Jimenez Salas, Maria Teresa"]
[Result "1-0"]
[WhiteTitle "IM"]
[BlackTitle "WIM"]
[WhiteElo "2240"]
[BlackElo "2170"]
[WhiteFideId "4116615"]
[BlackFideId "3843866"]
[EventDate "2025.06.24"]

1. d4 d5 2. c4 Nf6 3. cxd5 Nxd5 4. e4 Nb6 5. Nc3 e6 6. Nf3 c5 7. d5 exd5 8. exd5
Bd6 9. Qe2+ Qe7 10. Nb5 Qxe2+ 11. Bxe2 Kd7 12. Nxd6 Kxd6 13. Bf4+ Kxd5 14.
O-O-O+ Ke6 15. Rhe1 f6 16. a4 Kf7 17. a5 N6d7 18. Bc4+ Kg6 19. Nh4+ Kh5 20. Be2+
Kxh4 21. g3+ Kh3 22. f3 Ne5 23. Bf1+ Kxh2 24. Rd2+ Kg1 25. Bg2+ Kh2 26. g4# 1-0

[Event "Titled Tue 24th Jun Late"]
[Site "chess.com INT"]
[Date "2025.06.24"]
[Round "7"]
[White "Miserendino, Alfredo"]
[Black "Ramos Espinoza, Efren Andres"]
[Result "0-1"]
[BlackTitle "FM"]
[WhiteElo "2032"]
[BlackElo "2104"]
[WhiteFideId "101800"]
[BlackFideId "6100538"]
[EventDate "2025.06.24"]

1. e4 e5 2. Nf3 Nc6 3. Bb5 a6 4. Ba4 Nf6 5. O-O b5 6. Bb3 Bc5 7. Re1 d6 8. c3
Bb6 9. h3 O-O 10. d4 h6 11. a4 Rb8 12. axb5 axb5 13. Na3 b4 14. Nc4 bxc3 15.
bxc3 Qe7 16. Nxb6 Rxb6 17. Bd5 Bd7 18. Be3 Rbb8 19. Ra6 Nd8 20. Ra5 Nxd5 21.
exd5 e4 22. Nd2 f5 23. Nc4 Bb5 24. Qb3 Bxc4 25. Qxc4 Rb7 26. Ra8 f4 27. Bc1 f3
28. g3 Qd7 29. Kh2 Nf7 30. Rxf8+ Kxf8 31. Rxe4 Rb1 32. Re1 Ng5 33. Qd3 Qxh3+ 34.
Kg1 Qg2# 0-1

[Event "Titled Tue 24th Jun Late"]
[Site "chess.com INT"]
[Date "2025.06.24"]
[Round "7"]
[White "Izafatava, Kira"]
[Black "Wanyama, Harold"]
[Result "0-1"]
[WhiteTitle "WCM"]
[BlackTitle "FM"]
[WhiteElo "2036"]
[BlackElo "2143"]
[WhiteFideId "13521705"]
[BlackFideId "10000380"]
[EventDate "2025.06.24"]

1. e4 c5 2. Nf3 e6 3. d4 cxd4 4. Nxd4 Nc6 5. Bf4 a6 6. Nxc6 bxc6 7. Bd6 Bxd6 8.
Qxd6 Nf6 9. Nc3 Qb6 10. O-O-O Qxf2 11. e5 Ng4 12. Kb1 Qe3 13. Bd3 Qxe5 14. Qxe5
Nxe5 15. Ne4 d5 16. Nd6+ Ke7 17. Nxc8+ Rhxc8 18. h4 h5 19. Rhf1 c5 20. c3 Nxd3
21. Rxd3 Rab8 22. Rdf3 f5 23. Rg3 Kf6 24. Rg5 g6 25. Rg3 e5 26. Re3 d4 27. cxd4
cxd4 28. Ra3 Rc6 29. b3 e4 30. Ra5 Rd8 31. b4 d3 32. a4 d2 0-1

[Event "Titled Tue 24th Jun Late"]
[Site "chess.com INT"]
[Date "2025.06.24"]
[Round "7"]
[White "Kharitonov, Sergei"]
[Black "Schuster, Karsten"]
[Result "0-1"]
[WhiteTitle "CM"]
[BlackTitle "FM"]
[WhiteElo "2014"]
[BlackElo "2266"]
[WhiteFideId "4129750"]
[BlackFideId "4611071"]
[EventDate "2025.06.24"]

1. e4 d5 2. exd5 Qxd5 3. Nc3 Qd6 4. g3 c6 5. Bg2 Nf6 6. a3 Bg4 7. Bf3 Bxf3 8.
Qxf3 e6 9. Nge2 Nbd7 10. d4 Qc7 11. h4 Bd6 12. Bg5 h6 13. Bxf6 Nxf6 14. Ne4 Nxe4
15. Qxe4 O-O-O 16. O-O-O Rhe8 17. f4 Qa5 18. Rd3 Qd5 19. Nc3 Qxe4 20. Nxe4 Bc7
21. h5 b6 22. Rhd1 Rd7 23. c3 Red8 24. Kc2 f6 25. Nd2 Rd5 26. Rh1 e5 27. fxe5
fxe5 28. Nb3 exd4 29. Rxd4 Bxg3 30. Rg1 Be5 31. Rc4 Kb7 32. a4 Bf6 33. a5 Rxh5
34. axb6 axb6 35. Re1 Rh2+ 36. Kb1 Rd7 37. Re6 Rc7 38. Nd4 Bxd4 39. Rxd4 g5 40.
Rdd6 h5 41. Rh6 h4 42. Rdg6 Rg2 0-1

[Event "Titled Tue 24th Jun Late"]
[Site "chess.com INT"]
[Date "2025.06.24"]
[Round "7"]
[White "Holinka, Henning"]
[Black "Lin, Bryan Enming"]
[Result "1-0"]
[WhiteTitle "FM"]
[BlackTitle "FM"]
[WhiteElo "2303"]
[BlackElo "2343"]
[WhiteFideId "12967084"]
[BlackFideId "30987121"]
[EventDate "2025.06.24"]

1. Nf3 Nf6 2. c4 g6 3. g3 Bg7 4. d4 O-O 5. Bg2 d6 6. O-O c6 7. Nc3 Bf5 8. Nh4
Be6 9. d5 cxd5 10. cxd5 Bd7 11. Nf3 Na6 12. Nd4 Qb6 13. Nb3 Ng4 14. h3 Ne5 15.
Be3 Qc7 16. Bd4 Nc5 17. f4 Nc4 18. Bxg7 Ne3 19. Qc1 Nxf1 20. Bxf8 Nxg3 21. Bxe7
Na4 22. Kh2 Nf5 23. Bf6 Qb6 24. e4 Nxc3 25. Qxc3 Rc8 26. Qd2 Nh6 27. Bd4 Qd8 28.
Qf2 a5 29. Rc1 Ra8 30. Nd2 b5 31. Qg3 Qe7 32. Qg5 1-0

[Event "Titled Tue 24th Jun Late"]
[Site "chess.com INT"]
[Date "2025.06.24"]
[Round "7"]
[White "Al-Tarboush, Ward"]
[Black "Mkrtchyan, Mariam"]
[Result "1-0"]
[WhiteTitle "FM"]
[BlackTitle "WIM"]
[WhiteElo "2223"]
[BlackElo "2307"]
[WhiteFideId "7601450"]
[BlackFideId "13310828"]
[EventDate "2025.06.24"]

1. e4 c6 2. Nf3 d5 3. Nc3 g6 4. h3 Bg7 5. d4 dxe4 6. Nxe4 Nf6 7. Nxf6+ exf6 8.
Bc4 O-O 9. O-O Re8 10. c3 Nd7 11. Qb3 Re7 12. Bf4 Nb6 13. Bd3 Be6 14. Qc2 Nd5
15. Bg3 Qd7 16. Rfe1 Rae8 17. a3 b5 18. a4 a6 19. axb5 axb5 20. Nd2 f5 21. Nb3
f4 22. Nc5 Qc8 23. Bh4 f6 24. Nxe6 Rxe6 25. Rxe6 Qxe6 26. f3 Ne3 27. Qd2 g5 28.
Bf2 f5 29. Re1 Bh6 30. Qc1 g4 31. Qb1 Rf8 32. hxg4 fxg4 33. Bxh7+ Kg7 34. Qe4
Qd7 35. Qg6+ Kh8 36. Qxh6 Qg7 37. Qxg7+ Kxg7 38. Be4 1-0

[Event "Titled Tue 24th Jun Late"]
[Site "chess.com INT"]
[Date "2025.06.24"]
[Round "7"]
[White "Sitbon, Itay"]
[Black "Christiansen, Johan-Sebastian"]
[Result "0-1"]
[BlackTitle "GM"]
[WhiteElo "2206"]
[BlackElo "2642"]
[WhiteFideId "2820706"]
[BlackFideId "1512668"]
[EventDate "2025.06.24"]

1. e4 e5 2. Nc3 Nf6 3. f4 d5 4. Qe2 Nxe4 5. Nxe4 dxe4 6. Qxe4 Nc6 7. fxe5 Be6 8.
c3 Bd5 9. Qe3 Qh4+ 10. Qf2 Qe4+ 11. Qe2 Qh4+ 12. Qf2 Qxf2+ 13. Kxf2 Nxe5 14. d4
Ng4+ 15. Kg3 h5 16. Nf3 f6 17. Bb5+ c6 18. Re1+ Kf7 19. Ba4 g5 20. Bxg5 fxg5 21.
Nxg5+ Kg6 22. Nf3 Bd6+ 23. Ne5+ Kf6 24. Rf1+ Kg7 25. Rae1 Rae8 26. Rf5 Nxe5 27.
dxe5 Rxe5 28. Rexe5 Re8 29. c4 Rxe5 0-1

[Event "Titled Tue 24th Jun Late"]
[Site "chess.com INT"]
[Date "2025.06.24"]
[Round "7"]
[White "Zhu, Linxi"]
[Black "Ponizil, Cyril"]
[Result "1-0"]
[WhiteTitle "FM"]
[BlackTitle "IM"]
[WhiteElo "2312"]
[BlackElo "2450"]
[WhiteFideId "39900428"]
[BlackFideId "322202"]
[EventDate "2025.06.24"]

1. e4 c5 2. Nf3 d6 3. d4 cxd4 4. Nxd4 Nf6 5. Nc3 g6 6. Be3 Bg7 7. f3 O-O 8. Qd2
Nc6 9. g4 Qa5 10. O-O-O Bd7 11. h4 Rfc8 12. Kb1 Rab8 13. h5 b5 14. hxg6 hxg6 15.
Bh6 Bh8 16. Qh2 Nxd4 17. Be3 Bg7 18. Bxd4 e5 19. Be3 Rxc3 20. bxc3 b4 21. c4
Bxg4 22. Bh6 Bh5 23. Bxg7 Kxg7 24. Rxd6 Qc5 25. Qd2 Bxf3 26. Qh6+ Kg8 27. Qh8# 1-0

[Event "Titled Tue 24th Jun Late"]
[Site "chess.com INT"]
[Date "2025.06.24"]
[Round "7"]
[White "Vlassis, Georgios"]
[Black "Watanabe, Akira"]
[Result "0-1"]
[WhiteTitle "FM"]
[BlackTitle "FM"]
[WhiteElo "2005"]
[BlackElo "2284"]
[WhiteFideId "4203399"]
[BlackFideId "7000227"]
[EventDate "2025.06.24"]

1. e4 c5 2. c4 Nc6 3. Nc3 e6 4. g3 g6 5. Bg2 Bg7 6. Nge2 Nge7 7. O-O O-O 8. d3
Nd4 9. Nxd4 cxd4 10. Ne2 d6 11. b3 Nc6 12. Bb2 a5 13. a3 Qb6 14. Qc2 e5 15. Rac1
Be6 16. f4 f5 17. Bh3 Rae8 18. fxe5 dxe5 19. Bg2 Bh6 20. Rb1 Be3+ 21. Kh1 f4 22.
Bc1 g5 23. Bxe3 fxe3 24. h3 Qd8 25. g4 Qe7 26. Qb2 h5 27. Rf5 Bxf5 28. exf5 hxg4
29. hxg4 Qh7+ 30. Kg1 Qh4 31. Bf3 Qf2+ 32. Kh1 Qxf3+ 0-1

[Event "Titled Tue 24th Jun Late"]
[Site "chess.com INT"]
[Date "2025.06.24"]
[Round "7"]
[White "Marin Ferragut, Pau"]
[Black "Kjaergaard-Jensen, Jesper"]
[Result "1-0"]
[WhiteTitle "FM"]
[BlackTitle "CM"]
[WhiteElo "2380"]
[BlackElo "2081"]
[WhiteFideId "54716020"]
[BlackFideId "1406990"]
[EventDate "2025.06.24"]

1. b3 a5 2. e4 a4 3. bxa4 Rxa4 4. Nc3 Ra5 5. d4 e5 6. d5 Bb4 7. Bd2 Qf6 8. Nf3
Na6 9. Nb5 Qb6 10. Bxb4 Nxb4 11. a3 Na6 12. Rb1 Qc5 13. Nxe5 Nf6 14. f3 d6 15.
Nd3 Qe3+ 16. Qe2 Qb6 17. c4 Ra4 18. e5 dxe5 19. Nc3 Rxa3 20. Rxb6 cxb6 21. Qxe5+
Kd7 22. Kf2 Re8 23. Qd4 Kd8 24. Qxb6+ Kd7 25. Nb5 Ra2+ 26. Kg3 Rd8 27. Nc5+ Ke8
28. Nxa6 Rxa6 29. Nc7+ Ke7 30. Nxa6 Nh5+ 31. Kf2 Rd6 32. Qc7+ Bd7 33. Nc5 Nf4
34. Nxd7 1-0

[Event "Titled Tue 24th Jun Late"]
[Site "chess.com INT"]
[Date "2025.06.24"]
[Round "7"]
[White "Smirnov, Alexandr A."]
[Black "Karas, Eugenia"]
[Result "1-0"]
[WhiteTitle "FM"]
[BlackTitle "WFM"]
[WhiteElo "2136"]
[BlackElo "2124"]
[WhiteFideId "24104396"]
[BlackFideId "463485"]
[EventDate "2025.06.24"]

1. e4 c5 2. Nf3 d6 3. Bc4 Nf6 4. e5 dxe5 5. Nxe5 e6 6. Qe2 Bd6 7. f4 O-O 8. b3
Nc6 9. Nxc6 bxc6 10. O-O Nd5 11. g3 Qf6 12. Nc3 Nxc3 13. dxc3 Qxc3 14. Rb1 Qf6
15. Bb2 Qe7 16. Rbe1 Qc7 17. Bd3 g6 18. c4 a5 19. Bc2 Rd8 20. g4 Bxf4 21. Qf2 e5
22. Qh4 Rd2 23. Rxf4 Rxc2 24. Bxe5 Qd7 25. Qf6 Qd2 26. Qg7# 1-0

[Event "Titled Tue 24th Jun Late"]
[Site "chess.com INT"]
[Date "2025.06.24"]
[Round "7"]
[White "Viana, Dirceu"]
[Black "Bongo Akanga Ndjila, Barthelemy"]
[Result "0-1"]
[WhiteTitle "FM"]
[BlackTitle "CM"]
[WhiteElo "2188"]
[BlackElo "1847"]
[WhiteFideId "2101360"]
[BlackFideId "10609431"]
[EventDate "2025.06.24"]

1. e3 d5 2. f4 Nf6 3. Nf3 e6 4. Be2 Bd6 5. b3 Nbd7 6. Bb2 c6 7. O-O Qc7 8. c4
dxc4 9. bxc4 O-O 10. d4 c5 11. Ne5 Qb6 12. Qd2 cxd4 13. exd4 Bb4 14. Qc2 Nxe5
15. fxe5 Nd7 16. Bd3 g6 17. Kh1 Qd8 18. Nc3 Qh4 19. Ne4 Be7 20. Rae1 Nb6 21. g3
Qh3 22. Rf4 Bd7 23. Nf6+ Bxf6 24. exf6 g5 25. Bf1 Bc6+ 26. d5 Qh6 27. dxc6 gxf4
28. cxb7 Rad8 29. gxf4 Kh8 30. Bd3 Rg8 31. Be5 Nd7 0-1

[Event "Titled Tue 24th Jun Late"]
[Site "chess.com INT"]
[Date "2025.06.24"]
[Round "7"]
[White "Romany, Joy"]
[Black "Paxtor Chiguichon, Rodolfo Enrique"]
[Result "1-0"]
[WhiteTitle "WIM"]
[BlackTitle "CM"]
[WhiteElo "1960"]
[BlackElo "2009"]
[WhiteFideId "10656820"]
[BlackFideId "7307012"]
[EventDate "2025.06.24"]

1. d4 Nf6 2. c4 c5 3. d5 e6 4. Nc3 d6 5. g3 g6 6. Bg2 exd5 7. cxd5 Bg7 8. Nf3
O-O 9. O-O Re8 10. h3 a6 11. a4 Nbd7 12. Nd2 Rb8 13. Nc4 Ne5 14. Na3 b6 15. f4
Ned7 16. Nc4 Nf8 17. Re1 b5 18. axb5 axb5 19. Nd2 b4 20. Nce4 Nxd5 21. Nc4 Bb7
22. Ncxd6 Qb6 23. Nxe8 Rxe8 24. Ng5 Bd4+ 25. Kh2 h6 26. Nf3 Be3 27. Ne5 Rd8 28.
Nc4 1-0

[Event "Titled Tue 24th Jun Late"]
[Site "chess.com INT"]
[Date "2025.06.24"]
[Round "7"]
[White "Dehtiarov, Roman"]
[Black "Nihal, Sarin"]
[Result "0-1"]
[WhiteTitle "FM"]
[BlackTitle "GM"]
[WhiteElo "2416"]
[BlackElo "2696"]
[WhiteFideId "14186640"]
[BlackFideId "25092340"]
[EventDate "2025.06.24"]

1. e4 d6 2. d4 Nf6 3. Nc3 c6 4. Bg5 Qa5 5. Bxf6 gxf6 6. Nf3 Rg8 7. g3 f5 8. e5
dxe5 9. Nxe5 Nd7 10. Nc4 Qc7 11. Bg2 Nb6 12. Ne5 Bg7 13. O-O Bxe5 14. dxe5 Qxe5
15. Re1 Qf6 16. a4 a5 17. Qh5 Be6 18. Ne2 Bd5 19. Bh3 e6 20. Nf4 O-O-O 21. b4
axb4 22. a5 Nc4 23. a6 bxa6 24. Rxa6 Kb7 25. Ra4 c5 26. Nxd5 exd5 27. Rea1 Ra8
28. Qf3 Nb6 29. Rxa8 Rxa8 30. Rxa8 Kxa8 31. Bxf5 h6 32. Qe2 Kb7 33. Bg4 c4 34.
Qe3 Kc6 35. Qe8+ Kc5 36. Qe3+ d4 37. Qe4 Nd5 38. Qe8 d3 39. cxd3 cxd3 40. Qc8+
Kd4 41. Qc1 Nc3 42. Qb2 Kc4 43. Qc1 Qg5 44. Qa1 Qxg4 45. Kg2 Qe4+ 46. f3 Qe2+
47. Kh3 d2 48. Qa6+ Kb3 49. Qb7 d1=Q 50. Qxf7+ Qd5 51. Qh5 Qxh5# 0-1

[Event "Titled Tue 24th Jun Late"]
[Site "chess.com INT"]
[Date "2025.06.24"]
[Round "7"]
[White "Li, Eric 2007"]
[Black "Fernandez Bustamante, Leancy B."]
[Result "1-0"]
[WhiteTitle "IM"]
[BlackTitle "WFM"]
[WhiteElo "2372"]
[BlackElo "2130"]
[WhiteFideId "30939941"]
[BlackFideId "3523870"]
[EventDate "2025.06.24"]

1. d4 c5 2. d5 e5 3. e4 d6 4. c4 Nf6 5. Nc3 g6 6. h3 Bg7 7. g4 Na6 8. Bd3 Nc7 9.
Nge2 a6 10. a4 Rb8 11. a5 Bd7 12. Ng3 h5 13. g5 Ng8 14. h4 Ne7 15. f4 Bg4 16.
Qc2 exf4 17. Bxf4 Be5 18. Bxe5 dxe5 19. Qf2 O-O 20. Qxc5 Ne8 21. O-O Nd6 22. Qe3
Qd7 23. c5 Ne8 24. b4 Bh3 25. Rf2 Qg4 26. Rh2 f6 27. Be2 Qc8 28. d6 Nc6 29. Nd5
Kh7 30. Nxh5 gxh5 31. Qxh3 Qxh3 32. Rxh3 Nd4 33. Bxh5 Ng7 34. Bg4 f5 35. exf5
Ngxf5 36. Rf1 e4 37. Nf6+ Kg6 38. Nxe4 Ng7 39. Nf6 Nc2 40. Be2 Nxb4 41. h5+ Kxg5
42. Nh7+ Kh6 43. Nxf8 1-0

[Event "Titled Tue 24th Jun Late"]
[Site "chess.com INT"]
[Date "2025.06.24"]
[Round "7"]
[White "Ragger, Markus"]
[Black "Sanal, Vahap"]
[Result "0-1"]
[WhiteTitle "GM"]
[BlackTitle "GM"]
[WhiteElo "2566"]
[BlackElo "2564"]
[WhiteFideId "1610856"]
[BlackFideId "6300545"]
[EventDate "2025.06.24"]

1. d4 d5 2. c4 c6 3. Nf3 Nf6 4. Nc3 e6 5. Qc2 Nbd7 6. e4 dxe4 7. Nxe4 Nxe4 8.
Qxe4 Bb4+ 9. Bd2 Bxd2+ 10. Nxd2 c5 11. Nf3 Qa5+ 12. Nd2 Nf6 13. Qe5 b6 14. dxc5
O-O 15. O-O-O Qxa2 16. c6 Ba6 17. Bd3 Rac8 18. c7 Qa5 19. Qxa5 bxa5 20. b3 Rxc7
21. Kb2 Rb8 22. Ka3 g6 23. Ne4 Nxe4 24. Bxe4 a4 25. Kxa4 Bxc4 26. bxc4 Rxc4+ 27.
Ka3 Rxe4 28. Rd2 Re5 29. Rd4 Ra5+ 30. Ra4 Rxa4+ 31. Kxa4 Rb2 32. Rf1 e5 33. Ka3
Re2 34. Kb3 e4 35. g3 Kg7 36. Kc3 h5 37. Kd4 a5 38. h4 f5 39. f3 Rd2+ 40. Ke5 e3
41. Re1 e2 42. Kf4 a4 43. Ke3 Rb2 44. Kf2 a3 45. Rc1 a2 46. Rc7+ Kh6 47. Ra7 Rb1
48. Kxe2 a1=Q 49. Rxa1 Rxa1 0-1

[Event "Titled Tue 24th Jun Late"]
[Site "chess.com INT"]
[Date "2025.06.24"]
[Round "7"]
[White "Li, Xueyi"]
[Black "Gorbenko, Rustem"]
[Result "0-1"]
[WhiteTitle "WGM"]
[BlackTitle "CM"]
[WhiteElo "2220"]
[BlackElo "2201"]
[WhiteFideId "8605912"]
[BlackFideId "14111438"]
[EventDate "2025.06.24"]

1. d4 e6 2. c4 Nf6 3. g3 a6 4. Bg2 Bb4+ 5. Bd2 Be7 6. Nf3 b5 7. Ne5 c6 8. c5 Qc7
9. Nd3 d6 10. cxd6 Bxd6 11. O-O Bb7 12. Nc3 Nbd7 13. e4 e5 14. dxe5 Nxe5 15.
Nxe5 Bxe5 16. f4 Bd4+ 17. Kh1 O-O 18. Qe2 c5 19. Be3 Rfe8 20. Bxd4 cxd4 21. Nd1
Nxe4 22. Qd3 Rad8 23. Re1 Nc5 24. Qf1 Bxg2+ 25. Kxg2 Qc6+ 26. Qf3 Qxf3+ 27. Kxf3
Rxe1 28. Nf2 Rxa1 0-1